| 000 | 00696nam a2200217 a 4500 | ||
|---|---|---|---|
| 001 | BRCA_3835 | ||
| 005 | 20190320204436.0 | ||
| 008 | 111209s1892----fr-a######---#000-0#fre-# | ||
| 050 | 4 |
_aF1215.6 _b.Ch33 1892 |
|
| 100 | 1 |
_aChabrand, Emile. _94700 |
|
| 245 | 1 | 0 |
_aDe Barcelonnette au Mexique _bInde, Birmanie, Chine, Japon, États-Unis _cEmile Chabrand. |
| 260 |
_aParís _bE. Plon, Nourrit et Cie. _c1892 |
||
| 300 |
_a472 p. _bil. _c21 cm. |
||
| 500 | _aRecibió el Prix Montyon de la Academia Francesa. | ||
| 500 | _aIncluye tabla de materias. | ||
| 500 | _aB179 | ||
| 650 | 1 | 4 |
_aViajeros franceses. _97982 |
| 651 | 4 |
_aMéxico _vDescripción y viajes. _99987 |
|
| 902 | _aGFM | ||
| 942 |
_2lcc _cB |
||
| 999 |
_c3563 _d3563 |
||